<?xml version="1.0" encoding="UTF-8"?>
<marc:record xmlns:marc="http://www.loc.gov/MARC21/slim">
   <marc:leader>00000nam a2200000 a 4500</marc:leader>
   <marc:datafield ind1="1" ind2=" " tag="100">
      <marc:subfield code="a">Zeiss, Ella</marc:subfield>
      <marc:subfield code="4">aut</marc:subfield>
      <marc:subfield code="e">Verfasser/-in</marc:subfield>
   </marc:datafield>
   <marc:datafield ind1=" " ind2=" " tag="653">
      <marc:subfield code="a">Wahre Begebenheiten</marc:subfield>
   </marc:datafield>
   <marc:datafield ind1="0" ind2="0" tag="245">
      <marc:subfield code="a">Tage des Sturms -Von Hoffnung getragen</marc:subfield>
   </marc:datafield>
   <marc:datafield ind1=" " ind2="1" tag="264">
      <marc:subfield code="b">Independently published</marc:subfield>
      <marc:subfield code="c">2018</marc:subfield>
   </marc:datafield>
   <marc:datafield ind1="1" ind2=" " tag="520">
      <marc:subfield code="a">Nach wahren Begebenheiten#Der abschließende zweite Teil der berührenden und authentischen Familiensaga über ein bislang wenig bekanntes Kapitel der Geschichte. Februar 1942: Die Neuigkeiten über den rasanten Vormarsch der Wehrmacht fegen wie ein Sturm durch die gesamte Sowjetunion. Vor allem die deutschen Familien haben darunter zu leiden. Harald Pfeiffer ist sechzehn, als er in das Zwangsarbeitslager in Tscheljabinsk einberufen wird. Während um ihn herum erwachsene Männer zu Hunderten sterben, kämpft er mit Findigkeit, Verzweiflung und Geschick mit aller Kraft ums Überleben. Yvo Scholz kommt nach Kriegsende mit ihrer Mutter nach Tscheljabnisk, auf der Suche nach ihrem Bruder Erich, der ebenfalls in das Arbeitslager verschleppt worden war. In der Ungewissheit über das Schicksal von Vater und Bruder und allen Anfeindungen und Diskriminierungen zum Trotz, beginnt Yvo mit unerschütterlichem Lebensmut, sich eine Existenz aufzubauen. Als sich ihre Pfade kreuzen, ist es für Yvo Liebe auf den ersten Blick. Doch für Harri steht die Karriere im Vordergrund</marc:subfield>
   </marc:datafield>
   <marc:datafield ind1=" " ind2=" " tag="020">
      <marc:subfield code="a">9781982905910</marc:subfield>
      <marc:subfield code="9">9781982905910</marc:subfield>
   </marc:datafield>
   <marc:datafield ind1=" " ind2=" " tag="041">
      <marc:subfield code="a">ger</marc:subfield>
   </marc:datafield>
   <marc:datafield ind1=" " ind2=" " tag="300">
      <marc:subfield code="a">351 S.</marc:subfield>
   </marc:datafield>
</marc:record>
